[Event "7th Llucmajor Open 2018"]
[Site "S'Arenal de Llucmajor"]
[Date "2018.05.17"]
[Round "6"]
[White "Sumets, Andrey"]
[Black "Aroshidze, Levan"]
[Result "1/2-1/2"]
[WhiteElo "2577"]
[BlackElo "2497"]
[Annotator "TA"]
[PlyCount "55"]
[EventDate "2018.??.??"]
[EventType "swiss"]
[EventCountry "ESP"]
[SourceTitle "playchess.com"]
[Source "ChessBase"]
[SourceQuality "1"]

{[%evp 30,55,0,0,0,6,6,10,14,0,0,0,0,0,0,0,0,0,0,0,0,0,0,0,0,0,0,-84]} 1. d4 Nf6 2. c4 e6 3. Nf3 b6 4. g3 Bb7 5. Bg2 Be7 6. O-O O-O 7. d5 exd5 8. Nh4 c6 9. cxd5 Nxd5 10. Nf5 Nc7 11. e4 d5 12. Nc3 Bf6 13. exd5 {E17: Queen's Indian: 4 g3 Bb7 5 Bg2 Be7} Nxd5 14. Nxd5 cxd5 15. Ne3 (15. Re1 Na6 16. Bf4 Bxb2 17. Rb1 Bf6 18. Nd6 Bc6 19. Bxd5 Bxd5 20. Qxd5 Qd7 21. Rbd1 Rad8 22. h4 Nc5 23. Bg5 Bxg5 24. hxg5 Qa4 25. Re7 Rd7 26. Rde1 Nb7 27. Qxf7+ {1-0 (27) Adhiban,B (2655)-Kovalenko,I (2635) chess.com INT 2018}) 15... Nd7 {[%cal Bb8d7,Bd7e5,Be5c6,Bc6d4][%mdl 32]} 16. Nxd5 {LiveBook: 3 Games. The position is equal.} Bxd5 17. Bxd5 Rc8 18. Rb1 Ne5 19. Bf4 $146 ({Predecessor:} 19. Qb3 Qd7 20. Bf4 Nc6 {½-½ (38) Achilles,E (2436)-Bobykin,K (2406) ICCF email 2015}) 19... Nc6 20. Re1 Nd4 21. Bb7 Rc5 22. Be4 Qd7 23. Qd3 g6 24. Rbc1 Rfc8 25. Rxc5 Rxc5 26. Rd1 {[#] Be3 is the strong threat.} Rc8 27. Kg2 Qa4 28. Ra1 {Precision: White = 77%, Black = 100%.} (28. Be3 $11 {remains equal.} Nc2 29. Bh6) 1/2-1/2

[Event "7th Llucmajor Open 2018"]
[Site "S'Arenal de Llucmajor"]
[Date "2018.05.17"]
[Round "6"]
[White "Santos Latasa, Jaime"]
[Black "Fedorchuk, Sergey A"]
[Result "1/2-1/2"]
[WhiteElo "2552"]
[BlackElo "2637"]
[Annotator "TA"]
[PlyCount "34"]
[EventDate "2018.??.??"]
[EventType "swiss"]
[EventCountry "ESP"]
[SourceTitle "playchess.com"]
[Source "ChessBase"]
[SourceQuality "1"]

{[%evp 23,32,39,65,47,50,57,48,48,48,55,54]} 1. d4 Nf6 2. c4 e6 3. Nf3 Bb4+ 4. Bd2 Bxd2+ 5. Qxd2 d5 6. Nc3 O-O 7. e3 Qe7 8. cxd5 exd5 9. Bd3 Nc6 {E11: Bogo-Indian} 10. h3 Rd8 11. a3 Ne4 12. Qc2 Bf5 {LiveBook: 7 Games. White is slightly better.} 13. Ne2 Rd6 14. Nd2 Re8 15. Bxe4 Bxe4 16. Nxe4 Qxe4 {[#]} {Predecessor:} 17. Qxe4 $146 Rxe4 {½-½ (47) Granda Zuniga,J (2639)-Fedorchuk,S (2665) Pamplona 2010} 1/2-1/2

[Event "7th Llucmajor Open 2018"]
[Site "S'Arenal de Llucmajor"]
[Date "2018.05.18"]
[Round "6"]
[White "Santos Ruiz, Miguel"]
[Black "Rotstein, Arkadij"]
[Result "1-0"]
[WhiteElo "2524"]
[BlackElo "2491"]
[Annotator "TA"]
[PlyCount "78"]
[EventDate "2018.??.??"]
[EventType "swiss"]
[EventCountry "ESP"]
[SourceTitle "playchess.com"]
[Source "ChessBase"]
[SourceQuality "1"]

{[%evp 28,78,43,34,49,37,85,62,95,98,97,96,86,96,99,95,116,116,117,116,202,202,190,116,159,162,368,140,149,141,155,147,147,54,54,54,56,57,60,60,57,50,127,118,5934,5389,2018,1847,5848,5732,5165,922,789]} 1. d4 Nf6 2. c4 g6 3. Nc3 Bg7 4. e4 d6 5. h3 O-O 6. Be3 c5 7. Nf3 cxd4 8. Nxd4 Nc6 9. Be2 Nxd4 10. Bxd4 Bd7 11. O-O Bc6 12. Qc2 {B38: Sicilian: Maroczy Bind with 5...Bg7 and 7...0-0} (12. Bf3 a5 13. Qd2 Nd7 14. Bxg7 Kxg7 15. b3 Qb6 16. Nd5 Bxd5 17. exd5 Qb4 18. Qb2+ Kg8 19. a3 Qb6 {½-½ (29) Romanov,E (2619)-Ivanchuk,V (2713) Batumi 2018}) 12... a5 13. Rad1 Nd7 14. Bxg7 Kxg7 15. Bg4 {LiveBook: 24 Games} Nf6 16. c5 {[#]} h5 $146 ({Predecessor:} 16... Qb8 17. cxd6 exd6 18. Qd3 Re8 19. Rfe1 h5 {½-½ (51) Cramling,P (2448)-Muzychuk,A (2576) Medias 2017}) 17. Bf3 $1 {Strongly threatening e5!} Qb8 18. cxd6 exd6 19. Rd4 Re8 20. Rfd1 Re6 21. Qd2 Ne8 22. Be2 b5 23. b4 Qb6 (23... Nf6 $16 {was called for.}) 24. Qb2 $1 $18 Kg8 {[#]} 25. a3 (25. a4 $1 $18 {[%mdl 512]}) 25... axb4 26. Rxb4 ({Resist} 26. Qxb4 $6 Qc5 $14) 26... Nc7 $2 {[#]} (26... Qc5 27. Bxb5 Bxb5) 27. Bxb5 $2 (27. Bc4 $1 $18 {[%mdl 512] has better winning chances.}) 27... Nxb5 $16 28. Nxb5 Bxb5 29. Rxb5 Qa7 {[#]} 30. Rb7 ({Better is} 30. Rb4 $1 $16) 30... Qa4 $14 31. Rb8+ Rxb8 32. Qxb8+ {[%mdl 4096] Endgame KQR-KQR} Kh7 33. Rxd6 Rxe4 {( -> ...Re1+)} 34. Rd3 $36 {[%mdl 2048] White has the initiative.} Rf4 ({Black should play} 34... h4 $14) 35. Rd8 $16 {aiming for Qe5.} Rf5 $2 {[%mdl 8192]} (35... Re4 $16) 36. Qb2 $18 {[%csl Gb2][%cal Rd8h8] White is clearly winning.} Kh6 37. g3 f6 38. Qd2+ g5 39. Rh8+ (39. Qa2 $142 Rxf2 40. Rh8+ Kg6 41. Kxf2) 39... Kg6 {Precision: White = 56%, Black = 30%.} 1-0

[Event "7th Llucmajor Open 2018"]
[Site "S'Arenal de Llucmajor"]
[Date "2018.05.18"]
[Round "6"]
[White "Stany, G A"]
[Black "Abdumalik, Zhansaya"]
[Result "1-0"]
[WhiteElo "2489"]
[BlackElo "2484"]
[Annotator "TA"]
[PlyCount "155"]
[EventDate "2018.??.??"]
[EventType "swiss"]
[EventCountry "ESP"]
[SourceTitle "playchess.com"]
[Source "ChessBase"]
[SourceQuality "1"]

{[%evp 28,155,7,16,20,31,50,46,41,46,70,63,68,23,29,22,41,45,41,44,52,56,51,37,37,45,65,85,66,59,81,114,95,122,156,128,223,249,228,212,218,196,347,356,356,358,356,356,352,344,322,275,260,156,153,161,220,118,284,235,405,404,395,406,408,408,386,376,356,152,249,239,307,291,285,283,356,304,302,296,222,223,445,445,438,428,443,437,516,514,489,481,608,601,699,377,377,377,377,377,377,377,377,377,329,202,202,202,202,202,1463,202,452,202,29961,29961,29964,29965,29963,29964,29980,29981,29980,29975,29976,29976,29977,29978,29978,29977]} 1. e4 e5 2. Nf3 Nc6 3. Bb5 a6 4. Ba4 Nf6 5. O-O Be7 6. Re1 b5 7. Bb3 O-O 8. d4 d6 9. c3 Bg4 10. d5 Na5 11. Bc2 c6 12. h3 Bc8 13. dxc6 Nxc6 14. Nbd2 Re8 15. Nf1 h6 {C91: Closed Ruy Lopez: 7...d6 8 c3 0-0 9 d4} 16. Ne3 Bf8 17. Nh2 Be6 {[#] White is slightly better.} 18. Nhg4 $146 ({Predecessor:} 18. Qf3 Rc8 19. Rd1 b4 20. Bd2 bxc3 21. Bxc3 {1-0 (57) Ni,H (2545)-Sundararajan,K (2408) Goa 2002}) 18... Nh7 19. a4 b4 20. Bd2 bxc3 21. Bxc3 g6 22. a5 Nd4 23. Ba4 $36 {[%mdl 2048] White is pushing.} Re7 24. Bxd4 exd4 25. Nc2 h5 26. Nh2 Bg7 27. Nxd4 Bd7 28. Nhf3 Rb8 29. Qd3 Bxa4 30. Rxa4 {Black must now prevent Nc6.} Qe8 31. b3 Nf8 (31... Ra8 $16 {was called for.} 32. Nc2 Re6) 32. Qxa6 $18 Rxb3 33. Qc6 Rb2 34. a6 {[%cal Ba5a6,Ba6a7][%mdl 32]} Qxc6 $2 (34... Qb8 35. Nb5 Qxb5 36. Qxb5 Rxb5) 35. Nxc6 Re8 36. a7 Ra8 37. Rd1 Ne6 38. Rxd6 Bf8 39. Rd2 Rb6 40. Rc4 {Nfd4 is the strong threat.} Bc5 41. Nfe5 $1 h4 (41... g5 {might work better.} 42. Rc3 f6) 42. Rdc2 (42. Rc1 $18) 42... f6 $2 (42... Rb1+ $16 {keeps fighting.} 43. Kh2 Bxa7) 43. Nxg6 ({Less strong is} 43. Rxc5 Nxc5 44. Nxg6 (44. Rxc5 fxe5 45. g3 hxg3 $16) 44... Nxe4 $16) 43... Rxc6 $2 {[#]} (43... Kf7) 44. Ne7+ $1 {[%mdl 512]} Bxe7 45. Rxc6 {Strongly threatening Rc8+.} Kf7 46. Ra2 Bd8 47. Rd6 Ke7 48. Rad2 (48. Rd5 $18) 48... Bc7 (48... Ba5 $16) 49. Ra6 Be5 50. Rda2 Nc5 51. Rb6 Nxe4 52. Rb7+ Ke6 53. Rh7 Bd4 {[#]} 54. Kf1 $1 Ke5 $2 (54... Nd6 {was necessary.} 55. Ke2 Kd5) 55. Re7+ Kf5 56. Ra4 Be5 57. Rh7 Nc3 58. Ra5 Kg5 59. Rg7+ Kh5 60. Rg4 Nd1 61. Rd4 Rxa7 62. Rxa7 Bxd4 63. Rd7 Bxf2 64. Rxd1 {[%mdl 4096] Endgame KR-KB} Bg3 65. Ke2 Kg5 66. Rd5+ f5 67. Kd3 Bf2 68. Rd8 Bb6 $2 (68... Kf4 69. Rh8 Kg3 70. Rg8+ Kf4) 69. Rg8+ $2 (69. Rh8 Ba5 70. Kc4) 69... Kf4 $2 (69... Kf6 70. Kc4 Bf2) 70. Kc4 (70. Ke2 $142 Bc7 71. Rh8) 70... Bf2 $2 {[#]} (70... Ke5 $18 71. Re8+ Kd6) 71. Kd5 $1 {[%cal Rd5e6] White mates.} Bg3 72. Rf8 Be1 73. Ke6 Bf2 74. Rxf5+ Kg3 75. Rg5+ Kh2 76. Kf5 Bg3 77. Kg4 Kxg2 78. Rh5 {Precision: White = 67%, Black = 42%.} 1-0

[Event "7th Llucmajor Open 2018"]
[Site "S'Arenal de Llucmajor"]
[Date "2018.05.17"]
[Round "6"]
[White "Javakhishvili, Lela"]
[Black "Fier, Alexandr"]
[Result "1/2-1/2"]
[WhiteElo "2471"]
[BlackElo "2580"]
[Annotator "TA"]
[PlyCount "42"]
[EventDate "2018.??.??"]
[EventType "swiss"]
[EventCountry "ESP"]
[SourceTitle "playchess.com"]
[Source "ChessBase"]
[SourceQuality "1"]

{[%evp 32,42,-24,-30,28,0,46,37,74,0,31,37,40]} 1. d4 g6 2. c4 Nf6 3. Nf3 Bg7 4. g3 O-O 5. Bg2 d6 6. Nc3 Nbd7 7. O-O e5 8. e4 exd4 9. Nxd4 Re8 10. h3 Nc5 11. Re1 Bd7 12. Bf4 h6 13. g4 {E68: King's Indian: Fianchetto: 6...Nbd7 7 0-0 e5 8 e4} h5 14. f3 hxg4 15. hxg4 Ne6 16. Be3 Nxd4 17. Bxd4 {[#] LiveBook: 4 Games} c5 $146 (17... Be6 $142) ({Predecessor:} 17... Be6 18. Nd5 {½-½ (18) Grachev,B (2672)-Demchenko,A (2610) St Petersburg 2012}) 18. Bf2 Be6 19. Nb5 Bf8 {[#]} 20. Bh4 ({White should play} 20. Bg3 $1 $16) 20... a6 21. Nxd6 Qxd6 1/2-1/2

[Event "7th Llucmajor Open 2018"]
[Site "S'Arenal de Llucmajor"]
[Date "2018.05.18"]
[Round "6"]
[White "Kumar, Nikhil"]
[Black "Deruelle Sala, Albert"]
[Result "1-0"]
[WhiteElo "2279"]
[BlackElo "1983"]
[Annotator "TA"]
[PlyCount "135"]
[EventDate "2018.??.??"]
[EventType "swiss"]
[EventCountry "ESP"]
[SourceTitle "playchess.com"]
[Source "ChessBase"]
[SourceQuality "1"]

{[%evp 16,135,22,34,68,65,72,59,59,49,50,36,35,3,13,18,30,33,217,78,116,27,77,27,62,64,75,16,51,52,62,65,98,52,75,50,107,114,393,407,386,402,349,211,219,75,215,154,192,0,83,86,91,86,238,154,243,248,244,236,233,256,242,184,184,135,243,238,235,227,297,256,297,299,344,338,406,412,402,400,395,378,441,296,412,410,405,385,440,438,424,431,483,469,718,712,671,668,1003,1002,29975,29976,29976,29977,29977,29978,29978,29979,29979,29980,29982,29983,29983,29984,29984,29985,29985,29986,29986,29987,29988,29989]} 1. d4 f5 2. Nf3 Nf6 3. g3 g6 4. Bg2 Bg7 5. c4 O-O 6. O-O d6 7. b4 Qe8 {A87: Dutch Defence: Leningrad System: 5 Nf3} (7... e5 8. dxe5 dxe5 9. Bb2 e4 10. Nd4 Ng4 11. c5 Rf7 12. Na3 Nc6 13. Nxc6 Qxd1 14. Raxd1 Bxb2 15. Nc4 {0-1 (39) Lenic,L (2659)-Svidler,P (2753) Dubai 2014}) 8. Bb2 c6 9. Nbd2 {LiveBook: 23 Games} e5 {White is slightly better.} 10. dxe5 Ng4 11. Qb3 $146 ({Predecessor:} 11. c5 d5 12. Qb3 Kh8 13. Rae1 Nxe5 14. Nxe5 Bxe5 15. e4 Bxb2 16. Qxb2+ {1-0 (23) Kengis,E (2574)-Heidrich,M (2396) Forchheim 2000}) 11... dxe5 12. h3 Nh6 $1 13. c5+ Be6 14. Qc2 Nf7 15. e4 Nd7 16. Rfe1 h6 $2 {[#]} ({Black should try} 16... Qe7 $14) 17. Rad1 (17. Nh4 $1 $18 {is the precise move to win.}) 17... f4 18. Nc4 (18. gxf4 $16 exf4 19. e5) 18... Qe7 19. Re2 Ng5 20. Nxg5 $1 (20. Ncxe5 Nxe5 21. Nxe5 Bxe5 $17) (20. Nfxe5 f3 $17) 20... Qxg5 21. Bc1 ({Better is} 21. Qc3 $16) 21... Qh5 {Hoping for ...f3.} 22. g4 Qh4 23. f3 $36 {[%mdl 2048] White is pushing.} h5 24. Rd6 Rae8 25. Bd2 hxg4 ({Black should play} 25... Rf7 $14) 26. hxg4 $16 Bxg4 $2 {[%mdl 8192]} (26... Rf7 $16) 27. Be1 $18 (27. fxg4 f3 $18) 27... Qg5 {With the idea ...Bxf3.} 28. fxg4 Qxg4 29. Rxd7 f3 30. Rdd2 (30. Rxb7 fxe2 31. Ne3 Qh5 $14) (30. Rd3 $18) 30... Bh6 (30... fxe2 $16 31. Rxe2 Bh6) 31. Ne3 Qh5 32. Nf1 $2 ({But not} 32. Qb3+ $6 Kh8 $16) (32. Rf2 $18 {And now Qb3+ would win.} fxg2 33. Qb3+ (33. Nxg2 Bxd2 34. Qxd2 Rxf2 $14) 33... Kh8 34. Rxf8+ (34. Nxg2 Bxd2 35. Rxd2 Re7 $14) (34. Rxg2 Rf3 $11) 34... Rxf8 35. Rxg2) 32... Bxd2 (32... fxe2 $11 {keeps the balance.} 33. Rxe2 Rd8) 33. Rxd2 $16 {aiming for Bh1.} fxg2 34. Rxg2 {Threatens to win with Ng3.} Rf3 $2 (34... Rd8 $16 {is a better defense.}) 35. Qc4+ Kg7 {[#]} (35... Kf8 $16 {was called for.}) 36. Ng3 $1 $18 {[%cal Rg3h5]} Qh3 37. Nf5+ Rxf5 38. exf5 Qxf5 39. Bd2 Rh8 40. Rf2 Qd7 (40... Rh1+ $16 {was necessary.} 41. Kxh1 Qxf2) 41. Bg5 {Intending Bf6+ and mate.} Rh5 42. Bf6+ Kh7 43. Be7 {White threatens Qf7+ and mate.} Rf5 44. Qh4+ Kg8 45. Bd6 Rxf2 46. Kxf2 ({Less strong is} 46. Qxf2 Qg4+ 47. Kh2 Qh5+ 48. Kg3 Qg5+ 49. Kf3 Qf4+ 50. Ke2 Qc4+ 51. Kd1 Qxb4 $16) 46... Qf5+ 47. Ke3 g5 48. Qe4 Qf4+ 49. Kd3 Kf7 50. Bxe5 Qf1+ 51. Kc3 Qc1+ 52. Kb3 {White wants to mate with Qf5+.} Qd1+ 53. Ka3 {Qf5+ would kill now.} Qc1+ 54. Bb2 Qf4 (54... Qf1 $142 55. Qh7+ Ke8 56. Qg6+ Qf7 57. Qe4+ Kd8) 55. Qh7+ Ke6 56. Qxb7 Qf3+ 57. Ka4 Qd5 58. Qc8+ {White mates.} Kf7 59. Qc7+ Ke6 {[#]} 60. Qd6+ $1 Qxd6 61. cxd6 Kxd6 {[%mdl 4096] Endgame KB-K3P} 62. Bd4 a6 63. Ka5 Kd5 64. Bc5 g4 65. Kxa6 g3 66. Kb6 g2 67. a4 {[%cal Ba2a4,Ba4a5][%mdl 32]} Kc4 68. a5 {Precision: White = 60%, Black = 23%.} 1-0

[Event "7th Llucmajor Open 2018"]
[Site "S'Arenal de Llucmajor"]
[Date "2018.05.17"]
[Round "6"]
[White "Kumar, Naman"]
[Black "Lillo Castany, Victor"]
[Result "0-1"]
[WhiteElo "2052"]
[BlackElo "2349"]
[Annotator "NA"]
[PlyCount "58"]
[EventDate "2018.??.??"]
[EventType "swiss"]
[EventCountry "ESP"]
[SourceTitle "playchess.com"]
[Source "ChessBase"]
[SourceQuality "1"]
[TimeControl "5400+30"]

1. e4 c5 2. Nf3 d6 3. d4 Nf6 4. Nc3 cxd4 5. Nxd4 Nc6 6. f3 e5 7. Nb3 Be7 8. Be3 O-O 9. Qd2 a5 10. Na4 {B56: Classical Sicilian: Unusual Lines} (10. Bb5 Be6 11. O-O Na7 12. Be2 Nc8 13. Bb5 Na7 14. Be2 Nc8 15. Bb5 {½-½ (15) Carlsen,M (2840)-Grischuk,A (2737) Doha 2016}) 10... Be6 11. Nb6 Rb8 12. O-O-O Qc7 13. g4 $146 ({Predecessor:} 13. Kb1 Rfd8 14. c4 a4 15. Nxa4 Nd7 16. Nc3 Nc5 17. Nxc5 dxc5 {0-1 (34) Baisynov,I (1986)-Pak,Y (2401) Cholpon Ata 2016}) 13... Rfd8 14. g5 Nd7 15. Nd5 Bxd5 16. exd5 a4 17. Na1 Na5 18. Qb4 {[#]} b5 $17 19. Bxb5 Nc5 20. c4 Rxb5 21. Qxb5 Rb8 22. Qxb8+ Qxb8 23. Bxc5 dxc5 24. h4 Nxc4 25. Rh2 e4 26. Rf2 Qg3 27. Re2 Qxf3 28. Rde1 Qf4+ 29. Kb1 Qxh4 0-1

[Event "7th Llucmajor Open 2018"]
[Site "S'Arenal de Llucmajor"]
[Date "2018.05.19"]
[Round "7"]
[White "Fedorchuk, Sergey A"]
[Black "Santos Ruiz, Miguel"]
[Result "1-0"]
[WhiteElo "2637"]
[BlackElo "2524"]
[Annotator "TA"]
[PlyCount "85"]
[EventDate "2018.??.??"]
[EventType "swiss"]
[EventCountry "ESP"]
[SourceTitle "playchess.com"]
[Source "ChessBase"]
[SourceQuality "1"]

{[%evp 13,85,18,32,-17,-12,-11,0,-24,-9,-27,-12,-12,-4,-9,-9,-8,3,0,28,24,28,29,31,17,25,22,27,29,25,29,30,14,11,16,16,0,0,0,5,5,11,11,18,15,22,18,66,54,71,42,63,33,39,36,32,16,31,0,72,27,72,40,112,114,64,71,76,76,329,327,1067,1041,1016,1001]} 1. e4 e5 2. Nf3 Nc6 3. Bb5 a6 4. Ba4 Nf6 5. O-O Bc5 6. Bxc6 dxc6 7. d3 {C78: Ruy Lopez: Archangelsk and Möller Defences} Qe7 {LiveBook: 38 Games} 8. Qe1 $146 ({Predecessor:} 8. Be3 Bd6 9. Nbd2 Ng4 10. Nc4 Nxe3 11. fxe3 O-O 12. Qe1 f6 13. Nxd6 cxd6 14. Qg3 Be6 15. Nh4 d5 16. exd5 Bxd5 17. Nf5 Qd7 18. e4 Be6 19. Qe3 {½-½ (19) Zvjaginsev,V (2678)-Fedoseev,V (2498) St Petersburg 2012}) 8... Bg4 9. Nfd2 {[%cal Bf3d2,Bd2c4,Bc4e3][%mdl 32] The position is equal.} Nd7 10. Nc4 Be6 11. Nbd2 O-O 12. Ne3 a5 13. a4 f6 14. b3 Bd4 15. Ba3 c5 (15... Nc5 {feels hotter.} 16. Rb1 Rfe8 17. Ndc4 Qd7 18. Nxa5 b6) 16. Rc1 Bxe3 17. Qxe3 Rae8 18. h3 b6 19. Bb2 Nb8 20. f4 exf4 21. Rxf4 Nc6 22. Qf2 Qd6 23. Nf1 {[%cal Bd2f1,Bf1g3,Bg3e2,Be2f4][%mdl 32]} Nd4 {[#] Strongly threatening ...Qxf4!} 24. Bxd4 cxd4 25. Ng3 Qe5 26. Rf1 c5 27. Ne2 Rf7 28. Rf3 Ref8 29. Nf4 g6 30. g4 Kg7 31. Qd2 Qd6 32. R1f2 Bc8 33. Qe1 Bb7 34. Qf1 Qe5 35. h4 Kg8 (35... f5 $1 $11) 36. Rg2 Rg7 37. Qf2 Kf7 (37... Rgf7 $14) 38. g5 $16 {aiming for gxf6.} Ke8 39. gxf6 $1 Rgf7 40. Qg3 Rxf6 $2 {[%mdl 8192]} (40... Ba8 $16) 41. Nd5 $1 $18 Rf5 $2 (41... Qxg3 42. Nxf6+ {[#]} Rxf6 $1 {[%mdl 512]} 43. Rfxg3 Kf7) 42. Rxf5 Rxf5 43. exf5 {Precision: White = 56%, Black = 31%.} 1-0

[Event "7th Llucmajor Open 2018"]
[Site "S'Arenal de Llucmajor"]
[Date "2018.05.18"]
[Round "7"]
[White "Fier, Alexandr"]
[Black "Swayams, Mishra"]
[Result "1/2-1/2"]
[WhiteElo "2580"]
[BlackElo "2447"]
[Annotator "TA RC"]
[PlyCount "48"]
[EventDate "2018.??.??"]
[EventType "swiss"]
[EventCountry "ESP"]
[SourceTitle "playchess.com"]
[Source "ChessBase"]
[SourceQuality "1"]

{[%evp 19,48,24,22,0,-7,-2,4,23,25,20,25,31,43,48,148,49,60,60,58,24,21,26,27,0,0,0,0,0,0,0,0]} 1. d4 e6 2. c4 Nf6 3. Nf3 d5 4. Nc3 Bb4 5. Qa4+ Nc6 6. e3 O-O 7. Qc2 {D38: Queen's Gambit Declined: Ragozin Defence (4 Nf3 Bb4)} Re8 8. a3 Bf8 9. Bd2 e5 10. dxe5 Nxe5 {LiveBook: 5 Games} 11. Nxe5 $146 ({Predecessor:} 11. cxd5 Nxd5 12. O-O-O Nxf3 13. gxf3 Nxc3 14. Bxc3 Qh4 {0-1 (33) Bu,X (2715)-Yu,Y (2725) Shenzhen 2016}) 11... Rxe5 12. cxd5 Nxd5 13. e4 {[%cal Be3e4,Be4e5][%mdl 32]} Nxc3 14. Bxc3 Re8 15. Bd3 Qg5 16. O-O $1 Bd6 (16... Bg4 $14) 17. Rae1 (17. e5 $1 $16 {[%cal Re5d6]} Bxe5 18. Rae1 (18. Bxh7+ Kh8 $16)) 17... Bf4 $14 18. e5 Qh5 $1 {[%csl Gf4][%cal Rh5h2] [#]} 19. g3 {aiming for Qa4.} Bh3 20. Be2 Qg5 21. Kh1 Rad8 {The position is equal.} 22. Bd3 Qh5 {[#] ( -> ...Qf3+)} (22... Bxe5 $6 23. f4 $16 (23. Bxh7+ Kh8 $11)) (22... Bxf1 $6 23. Rxf1 Qh5 24. Be2 $16) 23. Be2 Qg5 24. Bd3 Qh5 {Precision: White = 56%, Black = 61%.} ({Don't play} 24... Bxe5 $6 25. f4 $16 (25. Bxh7+ Kh8 $11)) ({Reject} 24... Bxf1 $6 25. Rxf1 Qh5 26. Be2 $16) 1/2-1/2

[Event "7th Llucmajor Open 2018"]
[Site "S'Arenal de Llucmajor"]
[Date "2018.05.18"]
[Round "7"]
[White "Aroshidze, Levan"]
[Black "Zhigalko, Sergei"]
[Result "0-1"]
[WhiteElo "2497"]
[BlackElo "2606"]
[Annotator "TA RC"]
[PlyCount "76"]
[EventDate "2018.??.??"]
[EventType "swiss"]
[EventCountry "ESP"]
[SourceTitle "playchess.com"]
[Source "ChessBase"]
[SourceQuality "1"]

{[%evp 27,76,20,17,9,21,0,47,-57,-52,-98,-90,-99,-106,-120,-100,-149,-126,-204,-189,-165,-206,-199,-184,-195,-166,-248,-270,-268,-238,-250,-240,-216,-223,-228,-195,-254,-200,-194,-199,-195,-220,-213,-217,-386,-407,-417,-407,-525,-490,-875,-874]} 1. e4 e5 2. Nf3 Nc6 3. Bb5 a6 4. Ba4 Nf6 5. O-O Be7 6. Re1 b5 7. Bb3 d6 8. c3 O-O 9. h3 Na5 10. Bc2 c5 11. d4 Nd7 12. d5 Nb6 {C96: Spanische Partie (Abweichungen vom Tschigorin-System)} 13. Nbd2 g6 (13... Bd7 14. Nf1 Nb7 15. b3 a5 16. Rb1 c4 17. bxc4 Nxc4 18. a4 Qc7 19. axb5 Nb6 20. Be3 {0-1 (58) Hou,Y (2680)-Caruana,F (2811) Wijk aan Zee 2018}) 14. Nf1 f5 {[%cal Bf7f5,Bf5f4][%mdl 32] LiveBook: 5 Partien. Die Stellung ist ausgeglichen.} 15. Bh6 Rf7 {[#]} 16. a4 $146 ({Vorgänger:} 16. b3 f4 17. Qe2 Bf6 18. N1h2 Nb7 19. Reb1 b4 20. cxb4 cxb4 {½-½ (51) Gonzalez,B (2522)-Kreuzer,M (2627) ICCF email 2010}) 16... bxa4 17. N1d2 (17. Bxa4 $14 fxe4 18. Rxe4) 17... Bd7 $1 $15 18. Bd3 c4 19. Bf1 f4 20. Rb1 Rc8 21. g3 {[#]} g5 $1 ({Keinesfalls} 21... fxg3 22. fxg3 Qc7 23. Ng5 $15) 22. Nh2 (22. Kg2 $17 {ist wohl besser.}) 22... Rf6 $19 23. Bxg5 fxg3 24. fxg3 Rxf1+ $1 25. Rxf1 {Und weiter mit Dh5 wäre nett.} Bxg5 26. Kg2 (26. h4 $142 Be3+ 27. Kg2) 26... Nb3 27. Ndf3 Qe7 28. Qe2 Qg7 29. Nxg5 Qxg5 30. Rf2 Nc5 {zielt auf ...Dg6 ab.} 31. Ng4 Nd3 {Und ...Lxg4 würde nun gewinnen.} 32. Rf6 Bxg4 $1 33. Qxg4 Qxg4 34. hxg4 Rd8 35. g5 $2 {[#]} (35. Rh1 {ist der einzige Weg für Weiss..} a3 36. bxa3) 35... Nc5 $1 36. Kf3 Rf8 37. g4 Nbd7 38. Rf5 (38. Rxf8+ $142 Nxf8 39. Ke3) 38... Rb8 {Precision: Weiß = 30%, Schwarz = 88%.} 0-1